| 000 | 00000nam##2200000za#4500 |
| 001 | 9.601275 |
| 003 | CaOODSP |
| 005 | 20210624210009 |
| 007 | cr ||||||||||| |
| 008 | 150406|2003||||xxc|||||o f|0| 0 fre|d |
| 040 | |aCaOODSP|bfre |
| 043 | |an-cn--- |
| 086 | 1 |aYC11-0/372-15F-PDF |
| 110 | 1 |aCanada. |bParlement. |bSénat. |bComité sénatorial permanent des banques et du commerce. |
| 245 | 10|aLes débiteurs et les créanciers doivent se partager le fardeau : |h[ressource électronique]|bexamen de la Loi sur la faillite et l'insolvabilité et de la Loi sur les arrangements avec les créanciers des compagnies / |cL'honorable Richard H. Kroft, président; L'honorable David Tkachuk, vice-président. |
| 246 | 3 |aRapport du Comité sénatorial permanent des banques et du commerce |
| 260 | |aOttawa - Ontario : |bSénat. |cNovembre 2003. |
| 300 | |a302p. |
| 490 | 1 |aRapport du Comité sénatorial permanent des banques et du commerce|v[37e législature, 2e session, 15e rapport] |
| 504 | |aBibliographie. |
| 590 | |a11-12-Supp|b2011-07-29 |
| 775 | 08|tDebtors and creditors sharing the burden : |w(CaOODSP)9.570627 |
| 830 | #0|aRapport du Comité sénatorial permanent des banques et du commerce ;|v[37e législature, 2e session, 15e rapport]|w(CaOODSP)9.501661 |
| 856 | 40|ahttp://publications.gc.ca|qPDF|s1.88 Mo|uhttps://publications.gc.ca/collections/collection_2011/sen/yc11-0/YC11-0-372-15-fra.pdf|y[37e législature, 2e session, 15e rapport] |